A TB OF PHARMACOGNSOY (Record no. 223697)

MARC details
000 -LEADER
fixed length control field 00314nam a2200133Ia 4500
008 - FIXED-LENGTH DATA ELEMENTS--GENERAL INFORMATION
fixed length control field 251229s9999 xx 000 0 und d
020 ## - INTERNATIONAL STANDARD BOOK NUMBER
International Standard Book Number 9788185790152
100 ## - MAIN ENTRY--PERSONAL NAME
Personal name KOKATE, C.K.
245 #2 - TITLE STATEMENT
Title A TB OF PHARMACOGNSOY
250 ## - EDITION STATEMENT
Edition statement 43TH
260 ## - PUBLICATION, DISTRIBUTION, ETC.
Name of publisher, distributor, etc. NIRALI PRAKASHAN, PUNE
Date of publication, distribution, etc. 2021
300 ## - PHYSICAL DESCRIPTION
Extent 10.14
942 ## - ADDED ENTRY ELEMENTS (KOHA)
Koha item type Book
Holdings
Withdrawn status Lost status Damaged status Not for loan Home library Current library Shelving location Date acquired Cost, normal purchase price Barcode Date last seen Price effective from Koha item type
        Mewar University Central Library Mewar University Central Library College of Pharmacy 26/12/2025 325.00 CPH3845 29/12/2025 29/12/2025 Book